000 00211 a2200097 4500
020 _a9781338767506
041 _aspa
100 _aArnold, Ted
245 _aHombre Mosca y Chica Mosca Terror Nocturno
942 _cBK
999 _c27971
_d27971